Statistiken für Wortgemisch - Pokémon

Klicken Sie hier um das Quiz zu spielen!

Allgemein

  • Dieses Quiz wurde 7.843 mal gespielt
  • Das Durchschnittsergebnis liegt bei 11 aus 20

Antwortstatistiken

Pokémon% Korrekt
Mew
97%
Pixi
93%
Dodu
90%
Onix
90%
Abra
88%
Ditto
86%
Digda
84%
Vulpix
84%
Aquana
83%
Owei
83%
Piepi
83%
Digdri
82%
Omot
81%
Arbok
79%
Mewtu
77%
Evoli
76%
Zubat
76%
Mauzi
75%
Rihorn
75%
Magmar
74%
Pummeluff
74%
Smogon
73%
Rattfratz
72%
Smogmog
72%
Dodri
71%
Paras
71%
Jurob
70%
Kadabra
70%
Relaxo
70%
Turtok
70%
Enton
69%
Kokowei
69%
Bibor
68%
Pikachu
67%
Elektek
66%
Schiggy
65%
Quappo
64%
Bluzuk
63%
Gengar
63%
Hypno
63%
Quaputzi
63%
Myrapla
62%
Aerodactyl
61%
Fukano
61%
Porygon
61%
Lapras
60%
Raupy
60%
Jugong
59%
Rasaff
59%
Voltoball
59%
Glurak
58%
Habitak
58%
Ibitak
58%
Pinsir
58%
Sandan
58%
Bisasam
57%
Glutexo
57%
Hornliu
57%
Nidorino
57%
Gallopa
56%
Kangama
56%
Rettan
56%
Zapdos
55%
Menki
54%
Schlurp
54%
Seeper
53%
Taubsi
53%
Arkani
52%
Knogga
52%
Tauboga
52%
Alpollo
51%
Blitza
51%
Dragoran
51%
Knuddeluff
51%
Nidoking
50%
Quapsel
50%
Raichu
50%
Safcon
50%
Simsala
50%
Dratini
49%
Golbat
49%
Karpador
48%
Vulnona
48%
Flamara
47%
Duflor
46%
Geowaz
46%
Kabuto
46%
Nidorina
46%
Tentoxa
46%
Nockchan
45%
Ponita
45%
Bisaflor
44%
Knofensa
44%
Rattikarl
44%
Smettbo
44%
Tauros
44%
Georok
43%
Machomei
43%
Maschock
43%
Nidoqueen
43%
Garados
42%
Muschas
41%
Tauboss
41%
Giflor
40%
Kicklee
40%
Kokuna
40%
Magneton
40%
Nidoran
40%
Rizeros
40%
Tangela
40%
Traumato
40%
Dragonir
39%
Krabby
39%
Sichlor
39%
Austos
38%
Goldini
38%
Lavados
38%
Machollo
38%
Schillok
38%
Glumanda
37%
Sarzenia
36%
Nebulak
35%
Tentacha
35%
Arktos
34%
Bisaknosp
33%
Seemon
33%
Lahmus
32%
Tragosso
32%
Amoroso
31%
Chaneira
31%
Kabutops
31%
Flegmon
30%
Porenta
30%
Golking
29%
Kingler
29%
Parasek
29%
Sandamer
29%
Magnetilo
28%
Pantimos
28%
Sleima
28%
Entoron
27%
Rossana
27%
Snobilikat
27%
Lektroball
24%
Sterndu
24%
Starmie
23%
Sleimok
22%
Kleinstein
20%
Ultrigaria
19%
Amonitas
18%

Verteilung der Resultate

Perzentil nach korrekt beantworteten Fragen

Anzahl Personen mit jedem Resultat

Ihre Resultats-Entwicklung

Sie haben dieses Quiz noch nicht gespielt